Osobitosti rakúskeho pracovného trhu
Vplyv globalizácie na zmenu nielen ekonomických vzťahov, ale aj pracovnoprávnych a sociálnych vzťahov. Javy a procesy súvisiace so zamestnávaním slovenských občanov v Rakúsku.
Enregistré dans:
| Auteur principal: | |
|---|---|
| Autres auteurs: | |
| Format: | Chapitre de livre |
| Langue: | slovaque |
| Sujets: | |
| Tags: |
Pas de tags, Soyez le premier à ajouter un tag!
|
MARC
| LEADER | 00000nla a2200000 4500 | ||
|---|---|---|---|
| 001 | 0178420 | ||
| 005 | 20221020085320.8 | ||
| 041 | 0 | |a slo | |
| 044 | |a SK | ||
| 245 | 1 | 0 | |a Osobitosti rakúskeho pracovného trhu |c Lucia Paškrtová, Michaela Rauscher |
| 520 | |a Vplyv globalizácie na zmenu nielen ekonomických vzťahov, ale aj pracovnoprávnych a sociálnych vzťahov. Javy a procesy súvisiace so zamestnávaním slovenských občanov v Rakúsku. | ||
| 610 | 2 | 0 | |a Európska únia |
| 610 | 2 | 0 | |a Rakúsko |
| 610 | 2 | 0 | |a trh práce |
| 610 | 2 | 0 | |a pohyb síl pracovných medzinárodný |
| 610 | 2 | 0 | |a práca v zahraničí |
| 610 | 2 | 0 | |a vzťahy pracovnoprávne |
| 100 | 1 | |a Paškrtová, Lucia | |
| 700 | 1 | |a Rauscher, Michaela | |